Making EU Trade Agreements Work: The Role of Rules of Origin (Record no. 8745)
[ view plain ]
| 000 -LEADER | |
|---|---|
| fixed length control field | 01635nam a22002417u 4500 |
| 001 - CONTROL NUMBER | |
| control field | pwiiw3298 |
| 003 - CONTROL NUMBER IDENTIFIER | |
| control field | OSt |
| 005 - DATE AND TIME OF LATEST TRANSACTION | |
| control field | 20260516120107.0 |
| 008 - FIXED-LENGTH DATA ELEMENTS--GENERAL INFORMATION | |
| fixed length control field | 020627t2002 au ||||| |||| 00| ||eng d |
| 040 ## - CATALOGING SOURCE | |
| Transcribing agency | OSt |
| 041 ## - LANGUAGE CODE | |
| Language code of text/sound track or separate title | eng |
| 100 1# - MAIN ENTRY--PERSONAL NAME | |
| Personal name | Brenton, Paul |
| 245 10 - TITLE STATEMENT | |
| Title | Making EU Trade Agreements Work: The Role of Rules of Origin |
| 260 ## - PUBLICATION, DISTRIBUTION, ETC. | |
| Place of publication, distribution, etc. | Wien : |
| Name of publisher, distributor, etc. | Wiener Institut für Internationale Wirtschaftsvergleiche (wiiw), |
| Date of publication, distribution, etc. | 2002. |
| 490 1# - SERIES STATEMENT | |
| Series statement | wiiw Balkan Observatory Working Papers |
| Volume/sequential designation | 27 |
| 520 ## - SUMMARY, ETC. | |
| Summary, etc. | A key element of the EU’s free trade and preferential trade agreements is the extent to which they deliver improved market access and so contribute to the EUs foreign policy objectives towards developing countries and neighbouring countries in Europe, including the countries of the Balkans. Previous preferential trade schemes have been ineffective in delivering improved access to the EU market. The main reason for this is probably the very restrictive rules of origin that the EU imposes, coupled with the costs of proving consistency with these rules. If the EU wants the ‘Everything but Arms’ agreement and free trade agreements with countries in the Balkans to generate substantial improvements in access to the EU market for products from these countries then it will have to reconsider the current rules of origin and implement less restrictive rules backed upon by a careful safeguards policy. |
| 651 ## - SUBJECT ADDED ENTRY--GEOGRAPHIC NAME | |
| Geographic name | Balkan States |
| 651 ## - SUBJECT ADDED ENTRY--GEOGRAPHIC NAME | |
| Geographic name | European Union |
| 700 1# - ADDED ENTRY--PERSONAL NAME | |
| Personal name | Manchin, Miriam |
| 830 #0 - SERIES ADDED ENTRY--UNIFORM TITLE | |
| Volume/sequential designation | 27 |
| Bibliographic record control number | WIIW0000140 |
| Title of a work | wiiw Balkan Observatory Working Papers |
| 856 40 - ELECTRONIC LOCATION AND ACCESS | |
| Uniform Resource Identifier | <a href="https://wiiw.ac.at/p-3298.html">https://wiiw.ac.at/p-3298.html</a> |
| 942 ## - ADDED ENTRY ELEMENTS (KOHA) | |
| Koha item type | Paper |
| Source of classification or shelving scheme | Other/Generic Classification Scheme |
| Withdrawn status | Lost status | Damaged status | Not for loan | Home library | Current library | Shelving location | Date acquired | Inventory number | Total Checkouts | Full call number | Barcode | Date last seen | Price effective from | Koha item type |
|---|---|---|---|---|---|---|---|---|---|---|---|---|---|---|
| WIIW | WIIW | Library | 06/27/2002 | pwiiw3298 | 27 | 1000010003298 | 06/27/2002 | 02/05/2019 | Paper |
